| 000 | 00474cam a2200181ua 4500 | ||
|---|---|---|---|
| 041 |
_aeng _h |
||
| 082 |
_a631.8 _bYAT/US |
||
| 100 | _aYates, F . | ||
| 245 |
_aUse of fertilizers on food grains / _cF Yates. _hTextual Documents |
||
| 260 |
_aNew Delhi : _bIndian Council for Agricultural Research , _c1963. |
||
| 300 | _a73 ; . | ||
| 504 | _a | ||
| 700 | 1 | _aAbraham, T P . | |
| 700 | 1 | _aFinney, D J . | |
| 700 | 1 | _aPanse, V G . | |
| 942 | _cBK | ||
| 999 |
_c1049 _d1049 |
||